Азотсодержащие виниларены / (Record no. 15963)
[ view plain ]
| 000 -LEADER | |
|---|---|
| fixed length control field | 01249-am-a2200301-a-4500 |
| 001 - CONTROL NUMBER | |
| control field | 000056016 |
| 003 - CONTROL NUMBER IDENTIFIER | |
| control field | AM-YEHGA |
| 005 - DATE AND TIME OF LATEST TRANSACTION | |
| control field | 20250617121436.0 |
| 008 - FIXED-LENGTH DATA ELEMENTS--GENERAL INFORMATION | |
| fixed length control field | 950720s1985 mv ||||| |||| 00| 0 rus d |
| 040 ## - CATALOGING SOURCE | |
| Original cataloging agency | AM-YeHGA |
| 041 0# - LANGUAGE CODE | |
| Language code of text/sound track or separate title | rus |
| 090 ## - LOCALLY ASSIGNED LC-TYPE CALL NUMBER (OCLC); LOCAL CALL NUMBER (RLIN) | |
| -- | 16080 |
| 100 10 - MAIN ENTRY--PERSONAL NAME | |
| Personal name | Барба, Никанор Ананьевич |
| 245 10 - TITLE STATEMENT | |
| Title | Азотсодержащие виниларены / |
| Statement of responsibility, etc. | Н.А. Барба, А.П. Доня, А.М. Шур ; Отв. ред. Г. М. Петов. |
| 260 0# - PUBLICATION, DISTRIBUTION, ETC. | |
| Place of publication, distribution, etc. | Кишинев : |
| Name of publisher, distributor, etc. | Штиинца, |
| Date of publication, distribution, etc. | 1985. |
| 300 ## - PHYSICAL DESCRIPTION | |
| Extent | 190 с. : |
| Other physical details | ил. ; |
| Dimensions | 21 см. |
| 500 ## - GENERAL NOTE | |
| General note | ամբողջապես կամ մեկ օրացույցային տարվա ընթացքում հրատարակվող մենագրություն 1985 |
| 500 ## - GENERAL NOTE | |
| General note | այլ |
| 500 ## - GENERAL NOTE | |
| General note | В надзаг.: Кишин. гос. ун-т им. В. И. Ленина, Хим. фак. |
| 650 14 - SUBJECT ADDED ENTRY--TOPICAL TERM | |
| Topical term or geographic name entry element | Винилнафталин, производные |
| 650 14 - SUBJECT ADDED ENTRY--TOPICAL TERM | |
| Topical term or geographic name entry element | Полимеризация |
| 650 #4 - SUBJECT ADDED ENTRY--TOPICAL TERM | |
| Topical term or geographic name entry element | Синтез |
| 650 14 - SUBJECT ADDED ENTRY--TOPICAL TERM | |
| Topical term or geographic name entry element | Стирол, производные |
| 700 1# - ADDED ENTRY--PERSONAL NAME | |
| Personal name | Доня, Александр Пантелеевич |
| 700 1# - ADDED ENTRY--PERSONAL NAME | |
| Personal name | Шур, Альфред Максович |
| 700 1# - ADDED ENTRY--PERSONAL NAME | |
| Personal name | Петров, Г.М. |
| Relationship | edt |
| Relator term | ред. |
| 942 ## - ADDED ENTRY ELEMENTS (KOHA) | |
| Source of classification or shelving scheme | Universal Decimal Classification |
| Koha item type | Գրքեր / Books |
| Withdrawn status | Lost status | Source of classification or shelving scheme | Damaged status | Not for loan | Collection | Home library | Current library | Date acquired | Total checkouts | Full call number | Barcode | Date last seen | Price effective from | Koha item type | Public note |
|---|---|---|---|---|---|---|---|---|---|---|---|---|---|---|---|
| Universal Decimal Classification | General | Fundamental Scientific Library | Fundamental Scientific Library | 21/12/2016 | PII/535747 | FL0163521 | 21/12/2016 | 21/12/2016 | Գրքեր / Books | 30 Days Loan | |||||
| Universal Decimal Classification | General | Fundamental Scientific Library | Fundamental Scientific Library | 21/12/2016 | PII/540297 | FL0156644 | 21/12/2016 | 21/12/2016 | Գրքեր / Books | 30 Days Loan |
ՀՀ Գիտությունների ազգային ակադեմիայի հիմնարար գիտական գրադարան = Fundamental Scientific Library of NAS RA
All site content, except where otherwise noted, is licensed under a